The Council Tax and Non-Domestic Rating (Demand Notices) (England) (Amendment) Regulations 2008 (Record no. 108167)
[ view plain ]
| 000 -LEADER | |
|---|---|
| fixed length control field | 01669cad a22002535a 4500 |
| 001 - CONTROL NUMBER | |
| control field | L143481 |
| 008 - FIXED-LENGTH DATA ELEMENTS--GENERAL INFORMATION | |
| fixed length control field | 080514s200 0401xxk f lf000 0 eng d |
| 035 ## - SYSTEM CONTROL NUMBER | |
| System control number | (Sirsi) u143481 |
| 041 0# - LANGUAGE CODE | |
| Language code of text/sound track or separate title | eng |
| 050 04 - LIBRARY OF CONGRESS CALL NUMBER | |
| Classification number | 336.21 $2 18 |
| 110 2# - MAIN ENTRY--CORPORATE NAME | |
| Corporate name or jurisdiction name as entry element | United Kingdom |
| Form subheading | Laws, etc |
| 9 (RLIN) | 5044 |
| 245 04 - TITLE STATEMENT | |
| Title | The Council Tax and Non-Domestic Rating (Demand Notices) (England) (Amendment) Regulations 2008 |
| Medium | [electronic resource] |
| 260 ## - PUBLICATION, DISTRIBUTION, ETC. | |
| Place of publication, distribution, etc. | London |
| Name of publisher, distributor, etc. | TSO |
| Date of publication, distribution, etc. | 2008 |
| 490 0# - SERIES STATEMENT | |
| Series statement | SI |
| Volume/sequential designation | 2008: 387 |
| 520 ## - SUMMARY, ETC. | |
| Summary, etc. | Came into force 1 April 2008. Amends the Council Tax and Non-Domestic Rating (Demand Notices) (England) Regulations 2003 (S.I. 2003/2613), which govern the matters to be included in, and the information to be given with, council tax and non-domestic rates demand notices. The amendments relate to both council tax and non-domestic rating. For council tax the main change is to the information provided to council tax payers in areas which have been subject to local government structural change. For non-domestic rating the changes reflect the changes made to liability for rates in respect of empty property made by the Rating (Empty Properties) Act 2007. |
| 590 ## - LOCAL NOTE (RLIN) | |
| Local note | KA |
| 650 24 - SUBJECT ADDED ENTRY--TOPICAL TERM | |
| Topical term or geographic name entry element | RATING (EMPTY PROPERTIES) ACT 2007 |
| 650 24 - SUBJECT ADDED ENTRY--TOPICAL TERM | |
| Topical term or geographic name entry element | NON-DOMESTIC RATING (UNOCCUPIED PROPERTY) (ENGLAND) REGULATIONS 2008 |
| 650 24 - SUBJECT ADDED ENTRY--TOPICAL TERM | |
| Topical term or geographic name entry element | COUNCIL TAX AND NON-DOMESTIC RATING (DEMAND NOTICES) (ENGLAND) (AMENDMENT) REGULATIONS 2008 |
| 651 #4 - SUBJECT ADDED ENTRY--GEOGRAPHIC NAME | |
| Geographic name | England |
| Chronological subdivision | 886- |
| 690 ## - LOCAL SUBJECT ADDED ENTRY--TOPICAL TERM (OCLC, RLIN) | |
| Topical term or geographic name as entry element | PROPERTY-COMMERCIAL PROPERTY-COMMERCIAL PROPERTY TAXATION-BUSINESS RATES |
| 856 40 - ELECTRONIC LOCATION AND ACCESS | |
| Uniform Resource Identifier | <a href="https://www.opsi.gov.uk/si/si2008/uksi_20080387_en_1 ">https://www.opsi.gov.uk/si/si2008/uksi_20080387_en_1 </a> |
| Public note | View the statutory instrument free of charge at www.opsi.gov.uk... |
| 942 ## - ADDED ENTRY ELEMENTS (KOHA) | |
| Suppress in OPAC | 0 |
| Withdrawn status | Lost status | Source of classification or shelving scheme | Damaged status | Not for loan | Home library | Current library | Shelving location | Date acquired | Total Checkouts | Full call number | Barcode | Date last seen | Copy number | Price effective from | Koha item type |
|---|---|---|---|---|---|---|---|---|---|---|---|---|---|---|---|
| Dewey Decimal Classification | Virtual | Virtual | Online | 14/05/2008 | ONLINE PUBLICATION | 143481-1001 | 06/08/2019 | 1 | 06/08/2019 | Book |